IFSC Boulder World Cup Winners - Statistics

General Stats
  • This quiz has been taken 60 times
    55 since last reset
  • The average score is 27 of 60
Answer Stats
Location Gender % Correct
Meiringen Adam Ondra
90%
Salt Lake City Adam Ondra
90%
Meiringen Adam Ondra
90%
Meiringen Janja Garnbret
88%
Vail Janja Garnbret
88%
Munich Janja Garnbret
88%
Wujiang Janja Garnbret
88%
Chongqing Janja Garnbret
88%
Moscow Janja Garnbret
88%
Meiringen Janja Garnbret
88%
Munich Janja Garnbret
88%
Moscow Janja Garnbret
88%
Munich Janja Garnbret
88%
Hachioji Janja Garnbret
88%
Chongqing Janja Garnbret
88%
Wujiang Tomoa Narasaki
80%
Moscow Tomoa Narasaki
80%
Munich Tomoa Narasaki
80%
Chongqing Tomoa Narasaki
80%
Salt Lake City Natalia Grossman
70%
Salt Lake City Natalia Grossman
70%
Munich Jakob Schubert
63%
Vail Yoshiyuki Ogata
43%
Hachioji Akiyo Noguchi
40%
Tai'an Akiyo Noguchi
40%
Chongqing Akiyo Noguchi
40%
Navi Mumbai Jongwon Chon
35%
Vail Jongwon Chon
35%
Chongqing Jongwon Chon
35%
Innsbruck Jongwon Chon
35%
Meiringen Miho Nonaka
33%
Munich Miho Nonaka
33%
Navi Mumbai Miho Nonaka
33%
Navi Mumbai Shauna Coxsey
28%
Vail Shauna Coxsey
28%
Nanjing Shauna Coxsey
28%
Meiringen Shauna Coxsey
28%
Innsbruck Shauna Coxsey
28%
Chongqing Shauna Coxsey
28%
Kazo Shauna Coxsey
28%
Meiringen Shauna Coxsey
28%
Munich Jan Hojer
25%
Moscow Jernej Kruder
25%
Meiringen Jernej Kruder
25%
Chongqing Kokoro Fujii
25%
Meiringen Kokoro Fujii
25%
Vail Kokoro Fujii
25%
Navi Mumbai Kokoro Fujii
25%
Salt Lake City Sean Bailey
25%
Vail Alex Puccio
20%
Chongqing Manuel Cornu
15%
Hachioji Gabriele Moroni
10%
Kazo Rustam Gelmanov
8%
Hachioji Alexey Rubtsov
5%
Meiringen Alexey Rubtsov
5%
Tai'an Alex Khazanov
5%
Vail Rei Sugimoto
5%
Vail Megan Mascarenas
3%
Munich Gregor Vezonik
0%
Nanjing Keita Watabe
0%
No matching quizzes found
Score Distribution
Percent of People with Each Score
Percentile by Number Answered
Your Score History
You have not taken this quiz since the last reset